000 00705nam a2200277Ia 4500
005 20260324121433.0
008 008 260324s9999 xx 000 0 eng d
020 _a9781315779355
037 _aEBOOK
040 _aCRL
040 _beng
040 _cCRL
041 _2eng
041 _aeng
084 _qCRL
100 _aHerbert Dingle; Sir Oliver Lodge
_91162521
245 4 _aThe Special Theory of Relativity bound with Relativity: A Very Elementary Exposition
260 _bTaylor and Francis
260 _c2014
365 _a
365 _b180
856 _uhttp://www.taylorfrancis.com/books/9781315779355
942 _cEBOOK
999 _c1754609
_d1754609